000 00872nam a22002537i 4500
003 DO-SdBNP
005 20250512082850.0
007 ta
008 250512b2024 |||||||| |||| 00| 0 spa d
040 _aDO-SdBNP
_bspa
_cBNPHU
_erda
041 _hspa
082 _axxx
_bM672a
_222
100 1 _aMiranda Villalona, Germán Daniel
_eautor
_986170
245 1 _aAnotaciones generales sobre extinción de dominio :
_bdoctrina, jurisprudendial, comentarios, preguntas, respuestas y modelos de formularios /
_cGermán Daniel Miranda Villalona
264 _aSanto Domingo :
_bLibrería Jurídica Global,
_c2024.
300 _a221 página ;
_c24 cm
336 _ardacontent
_btexto
_2txt
337 _ardamedia
_bsin mediación
_2n
338 _ardacarrier
_bvolumen
_2nc
500 _aLeyes 340-22 y 60-23
590 _aInventariado, 2025/DG
910 _aDG
942 _2ddc
_cLBS1
999 _c58216
_d58216